| 000 | 00896nam a2200289 a 4500 | ||
|---|---|---|---|
| 001 | 000112425 | ||
| 003 | CHAP | ||
| 005 | 20220329144305.0 | ||
| 008 | 160316s2015 mx |r| |||||||spa d | ||
| 010 | _a108886 | ||
| 011 | _a109858 | ||
| 020 | _a9786071203854 | ||
| 040 | _cCHAP | ||
| 090 | _aFolleto 1655 | ||
| 100 | 0 | 0 |
_aRuiz Torres, José _9100794 |
| 245 | 1 | 0 |
_aCálculo de costos de produtos agropecuarios / _cpor José Ruiz Torres y Fabian Rosales Noriega. |
| 260 |
_aBermejillo, Dgo. : _bUACH. Unidad Regional Universitaria de zonas Áridas, _c2015. |
||
| 300 | _a18 p. | ||
| 590 |
_aE5652GLJ _b05 _c20160316 _lUCH01 _h1310 |
||
| 650 | 1 | 4 |
_aAgricultura _xCostos _xMéxico _91389 |
| 650 | 1 | 4 |
_aCultivos _xCostos de producción. _930247 |
| 650 | 1 | 4 |
_aProductos pecuarios _xPrecios. _992193 |
| 700 | 0 |
_aRosales Noriega, Fabian. _999925 |
|
| 901 | _aBK | ||
| 942 | _cFOLL | ||
| 942 | _n0 | ||
| 999 |
_c108886 _d108886 |
||